12 Keys of Highly Successful Managers / (Record no. 4594)
[ view plain ]
| 000 -LEADER | |
|---|---|
| fixed length control field | 00766nac a22001931u 4500 |
| 008 - FIXED-LENGTH DATA ELEMENTS--GENERAL INFORMATION | |
| fixed length control field | 120424s1996 xxc|||||r|||| 000 0 eng d |
| 020 ## - INTERNATIONAL STANDARD BOOK NUMBER | |
| International Standard Book Number | 0969691017 |
| 082 ## - DEWEY DECIMAL CLASSIFICATION NUMBER | |
| Classification number | 658.4 |
| Item number | FIK |
| 100 ## - MAIN ENTRY--PERSONAL NAME | |
| Personal name | Elfiky, Ibrahim |
| 9 (RLIN) | 29734 |
| 245 ## - TITLE STATEMENT | |
| Title | 12 Keys of Highly Successful Managers / |
| Statement of responsibility, etc | Ibrahim Elfiky |
| 260 ## - PUBLICATION, DISTRIBUTION, ETC. (IMPRINT) | |
| Place of publication, distribution, etc | Quebec, Canada: |
| Name of publisher, distributor, etc | Cheops international seminars, |
| Date of publication, distribution, etc | 1996 |
| 300 ## - PHYSICAL DESCRIPTION | |
| Extent | 339p.; |
| Dimensions | 23 cm. |
| 490 ## - Series Statement | |
| -- | 29733 |
| Series statement | Management Mastery |
| 650 ## - SUBJECT ADDED ENTRY--TOPICAL TERM | |
| Topical term or geographic name as entry element | Organizational effectiveness. |
| 9 (RLIN) | 29735 |
| 650 ## - SUBJECT ADDED ENTRY--TOPICAL TERM | |
| Topical term or geographic name as entry element | management |
| 9 (RLIN) | 29736 |
| 653 ## - INDEX TERM--UNCONTROLLED | |
| Resource For college | |
| 942 ## - ADDED ENTRY ELEMENTS (KOHA) | |
| Item type | Book - Borrowing |
| Call number prefix | 658.4 FIK |
| Source of classification or shelving scheme | Dewey Decimal Classification |
| Withdrawn status | Item status | Source of classification or shelving scheme | Damaged status | Not for loan | Vendor | Home library | Current library | Shelving location | Date acquired | Source of acquisition | Total Checkouts | Total Renewals | Full call number | Barcode | Date last seen | Date last borrowed | Koha item type |
|---|---|---|---|---|---|---|---|---|---|---|---|---|---|---|---|---|---|
| Dewey Decimal Classification | Central Library | Central Library | First floor | 07/09/2011 | 14 | 9 | 658.4 FIK | 000005447 | 15/07/2025 | 04/11/2015 | Book - Borrowing |